| 000 | 00476nmm a2200157Ia 4500 | ||
|---|---|---|---|
| 008 | 251105s9999||||xx |||||||||||||||||und|| | ||
| 020 | _a9788437008943 | ||
| 041 | _aspa | ||
| 100 | _aBarona Vilar, Josep Lluís | ||
| 245 | 0 | _aIntroducción a la medicina | |
| 264 |
_a[Madrid, España] : _bPublicaciones de la Universidad de Valencia (PUV), _c1991 |
||
| 300 | _a268 páginas | ||
| 650 | _aMedicine | ||
| 856 | _uhttps://public.digitaliapublishing.com/a/37227 | ||
| 942 | _cCF | ||
| 999 |
_c82254 _d82254 |
||